000 00264pam a2200121 a 4500
020 _c
041 _aeng
100 _aYerma.B.W.
245 _aThree Tragedies
_hTextual Documents
260 _aNew York
_bPenguin Books Ltd
_c1947
300 _a203p.
930 _a15544
999 _c92444
_d92444